| 000 | 00513nam a22002057a 4500 | ||
|---|---|---|---|
| 001 | NCSLIB00001400 | ||
| 003 | OSt | ||
| 005 | 20210908102836.0 | ||
| 007 | NCSLIB00001400 | ||
| 008 | 210908b |||||||| |||| 00| 0 eng d | ||
| 010 | _aNCSLIB00001400 | ||
| 020 | _a0878915494 | ||
| 040 | _cHU | ||
| 082 | _a515/REA/1993 | ||
| 100 |
_aRea's _92219 |
||
| 245 | _aThe Numerical Analysis Problem Solver | ||
| 260 |
_aNew Jersey _bResearch and Education Association _c1993 |
||
| 300 | _a875p | ||
| 942 |
_2ddc _cBOOKS _n0 |
||
| 999 |
_c2564 _d2564 |
||